Normal view
MARC view
- Venkanna,.K. B
Entry Personal Name
001 - CONTROL NUMBER
- control field: 124197
003 - CONTROL NUMBER IDENTIFIER
- control field: NUST
005 - DATE AND TIME OF LATEST TRANSACTION
- control field: 20240708172420.0
008 - FIXED-LENGTH DATA ELEMENTS
- fixed length control field: 240708|| aca||aabn | a|a d
040 ## - CATALOGING SOURCE
- Original cataloging agency: NUST
- Transcribing agency: NUST
100 ## - HEADING--PERSONAL NAME
- Personal name: Venkanna,.K. B
670 ## - SOURCE DATA FOUND
- Source citation: Work cat.: (NUST): Venkanna,.K. B, Applied Thermodynamics, 2011.
